000 00694nam a2200289Ia 4500
005 20260324134604.0
008 008 260324s9999 xx 000 0 eng d
020 _a9780203776018
037 _aEBOOK
040 _aCRL
040 _beng
040 _cCRL
041 _2eng
041 _aeng
084 _qCRL
100 _aAnastasia Tryphon; Jacques Voneche
_91000093
245 0 _aWorking with Piaget
245 0 _bEssays in Honour of Barbel Inhelder
260 _bTaylor and Francis
260 _c2001
365 _a
365 _b230
856 _uhttp://www.taylorfrancis.com/books/9780203776018
942 _cEBOOK
999 _c1797640
_d1797640